Deaths by Date and Cause #3 - Statistics

General Stats
  • This quiz has been taken 10,876 times
  • The average score is 9 of 20
Answer Stats
Year Where How Person % Correct
1968 Memphis Assassination Martin Luther King, Jr.
77%
2011 Libya Summary execution Muammar Gaddafi
72%
2018 Cambridge ALS Disease Stephen Hawking
69%
323 BC Babylon Unknown Alexander the Great
56%
1945 Warm Springs, Georgia Stroke Franklin D. Roosevelt
56%
1940 Mexico City Assassinated with ice axe Leon Trotsky
55%
1483 Bosworth Field Halberd to the head Richard III
53%
1982 Monaco Car accident Grace Kelly
52%
1969 Los Angeles Murdered by the Manson Family Sharon Tate
50%
1066 Sussex Arrow to the eye? Harold Godwinson
49%
1649 Palace of Whitehall Beheaded Charles I
41%
1970 London Asphyxiation, sleeping pills Jimi Hendrix
40%
2013 California Car crash Paul Walker
40%
2013 Caracas Cancer Hugo Chávez
37%
1890 Auvers-sur-Oise, France Self-inflicted gunshot wound Vincent van Gogh
32%
2012 Beverly Hills Drugs, drowning Whitney Houston
32%
1824 Missolonghi, Greece Fever Lord Byron
29%
1962 Ramla, Israel Execution by hanging Adolf Eichmann
28%
1961 Ketchum, Idaho Self-inflicted gunshot wound Ernest Hemingway
25%
1963 London Suicide via gas oven Sylvia Plath
23%
No matching quizzes found
Score Distribution
Percent of People with Each Score
Percentile by Number Answered
Your Score History
You have not taken this quiz